| 000 | 00526nam a2200217 a 4500 | ||
|---|---|---|---|
| 999 |
_c5121 _d5121 |
||
| 001 | 5121 | ||
| 003 | BD-JhCC | ||
| 005 | 20171211180958.0 | ||
| 008 | 171209s1959 u a|||| ||a| 000 0 eng d | ||
| 035 | _a(BD-JhCC) 5121 | ||
| 040 |
_aBD-JhCC _dBD-JhCC |
||
| 041 | _aeng | ||
| 082 |
_a823.941 _bATT 1959 |
||
| 100 | _aAttwood, Evelyn | ||
| 245 |
_aLouis Pasteur / _cEvelyn Attwood, |
||
| 260 |
_aLondon : _bLONGMANS , _c1959 |
||
| 300 |
_a154 p .: _c17 cm . |
||
| 650 | _aShort Stories | ||
| 942 |
_2ddc _cBK |
||